Standard handbook of engineering calculations / (Record no. 61100)
[ view plain ]
| 000 -LEADER | |
|---|---|
| fixed length control field | 01546pam a2200337 a 4500 |
| 001 - CONTROL NUMBER | |
| control field | 651815 |
| 003 - CONTROL NUMBER IDENTIFIER | |
| control field | NUST-PNEC |
| 005 - DATE AND TIME OF LATEST TRANSACTION | |
| control field | 20170116180714.0 |
| 008 - FIXED-LENGTH DATA ELEMENTS--GENERAL INFORMATION | |
| fixed length control field | 940329s1995 nyua f 001 0 eng |
| 010 ## - LIBRARY OF CONGRESS CONTROL NUMBER | |
| LC control number | 94011138 |
| 020 ## - INTERNATIONAL STANDARD BOOK NUMBER | |
| International Standard Book Number | 0070288127 |
| 040 ## - CATALOGING SOURCE | |
| Original cataloging agency | DLC |
| Transcribing agency | PNEC |
| Modifying agency | DLC |
| 050 00 - LIBRARY OF CONGRESS CALL NUMBER | |
| Classification number | TA332 |
| Item number | .S73 1995 |
| 082 00 - DEWEY DECIMAL CLASSIFICATION NUMBER | |
| Classification number | 620.00212 HIC |
| 100 ## - MAIN ENTRY--PERSONAL NAME | |
| 9 (RLIN) | 655 |
| Personal name | Hicks Tyler G. |
| 245 00 - TITLE STATEMENT | |
| Title | Standard handbook of engineering calculations / |
| Statement of responsibility, etc. | Tyler G. Hicks, editor ; S. David Hicks, coordinating editor; Joseph Leto, assistant editor. |
| 250 ## - EDITION STATEMENT | |
| Edition statement | 3rd ed. |
| 260 ## - PUBLICATION, DISTRIBUTION, ETC. | |
| Place of publication, distribution, etc. | New York : |
| Name of publisher, distributor, etc. | McGraw-Hill, |
| Date of publication, distribution, etc. | c1995. |
| 300 ## - PHYSICAL DESCRIPTION | |
| Extent | 1 v. (various pagings) : |
| Other physical details | ill. ; |
| Dimensions | 24 cm. |
| 500 ## - GENERAL NOTE | |
| General note | Includes index. http://www.amazon.com/Standard-Handbook-Engineering-Calculations-Gregory/dp/0070288127/ref=sr_1_2?s=books&ie=UTF8&qid=1413448086&sr=1-2&keywords=0070288127 |
| 650 #0 - SUBJECT ADDED ENTRY--TOPICAL TERM | |
| Topical term or geographic name entry element | Engineering mathematics |
| General subdivision | Handbooks, manuals, etc. |
| 700 1# - ADDED ENTRY--PERSONAL NAME | |
| Personal name | Hicks, Tyler Gregory, |
| Dates associated with a name | 1921- |
| 700 1# - ADDED ENTRY--PERSONAL NAME | |
| Personal name | Hicks, S. David. |
| 700 1# - ADDED ENTRY--PERSONAL NAME | |
| Personal name | Leto, Joseph. |
| 856 42 - ELECTRONIC LOCATION AND ACCESS | |
| Materials specified | Publisher description |
| Uniform Resource Identifier | <a href="http://www.loc.gov/catdir/description/mh022/94011138.html">http://www.loc.gov/catdir/description/mh022/94011138.html</a> |
| 856 41 - ELECTRONIC LOCATION AND ACCESS | |
| Materials specified | Table of contents only |
| Uniform Resource Identifier | <a href="http://www.loc.gov/catdir/toc/mh022/94011138.html">http://www.loc.gov/catdir/toc/mh022/94011138.html</a> |
| 856 42 - ELECTRONIC LOCATION AND ACCESS | |
| Materials specified | Contributor biographical information |
| Uniform Resource Identifier | <a href="http://www.loc.gov/catdir/enhancements/fy0602/94011138-b.html">http://www.loc.gov/catdir/enhancements/fy0602/94011138-b.html</a> |
| 906 ## - LOCAL DATA ELEMENT F, LDF (RLIN) | |
| a | 7 |
| b | cbc |
| c | orignew |
| d | 1 |
| e | ocip |
| f | 19 |
| g | y-gencatlg |
| 942 ## - ADDED ENTRY ELEMENTS (KOHA) | |
| Source of classification or shelving scheme | |
| Koha item type | Book |
| Withdrawn status | Lost status | Source of classification or shelving scheme | Damaged status | Not for loan | Permanent Location | Current Location | Shelving location | Date acquired | Source of acquisition | Cost, normal purchase price | Total Checkouts | Full call number | Barcode | Date last seen | Cost, replacement price | Price effective from | Koha item type |
|---|---|---|---|---|---|---|---|---|---|---|---|---|---|---|---|---|---|
| Pakistan Navy Engineering College (PNEC) | Pakistan Navy Engineering College (PNEC) | Reference | 03/19/2002 | Fair Book Center | 8350.00 | 620.00212 HIC | PNECLIB-025528 | 10/16/2014 | 8350.00 | 03/19/2002 | Book |
